000 00446cam a2200145 4500500
005 20251228090349.0
041 _afre
042 _adc
100 1 0 _aReinhardt, Éric
_eauthor
245 0 0 _aPrésentation
260 _c2024.
500 _a75
786 0 _nLa Nouvelle Revue française | 658 | 2 | 2024-07-12 | p. 82-84 | 0029-4802
856 4 1 _uhttps://shs.cairn.info/nouvelle-revue-francaise-2024-2-page-82?lang=fr&redirect-ssocas=7080
999 _c1602286
_d1602286